[Event "2nd Prague Challengers"]
[Site "Prague CZE"]
[Date "2020.02.16"]
[Round "5.4"]
[White "Van Foreest, Jorden"]
[Black "Cernousek, Lukas"]
[Result "1/2-1/2"]
[WhiteTitle "GM"]
[BlackTitle "IM"]
[WhiteElo "2667"]
[BlackElo "2442"]
[WhiteFideId "1039784"]
[BlackFideId "311707"]
[EventDate "2020.02.12"]

1. e4 e6 2. d4 d5 3. Nc3 Nf6 4. Bg5 dxe4 5. Nxe4 Nbd7 6. Nf3 Be7 7. Nxf6+ Bxf6
8. Qd2 Bxg5 9. Nxg5 h6 10. Nf3 O-O 11. O-O-O b6 12. Bd3 Bb7 13. Qe3 Qf6 14. Ne5
Rad8 15. f4 Nxe5 16. dxe5 Qh4 17. Rd2 Kh8 18. Rhd1 Rd7 19. g3 Qe7 20. Be2 Rfd8
21. Rxd7 Rxd7 22. Rxd7 Qxd7 23. Qa3 Qd4 24. Qxa7 Qe3+ 25. Kd1 Bf3 26. Bxf3 Qxf3+
27. Kd2 Qf2+ 28. Kd3 Qf3+ 29. Kc4 Qd5+ 30. Kc3 Qc5+ 31. Kb3 Qb5+ 32. Ka3 Qc5+
33. b4 Qxc2 34. Qb7 c6 35. Qxb6 Qc3+ 36. Ka4 Qc2+ 37. Ka3 Qc3+ 38. Ka4 Qc2+ 39.
Ka3 1/2-1/2

[Event "2nd Prague Challengers"]
[Site "Prague CZE"]
[Date "2020.02.16"]
[Round "5.5"]
[White "Kriebel, Tadeas"]
[Black "Esipenko, Andrey"]
[Result "0-1"]
[WhiteTitle "IM"]
[BlackTitle "GM"]
[WhiteElo "2524"]
[BlackElo "2654"]
[WhiteFideId "330027"]
[BlackFideId "24175439"]
[EventDate "2020.02.12"]

1. d4 Nf6 2. c4 e6 3. g3 d5 4. Bg2 dxc4 5. Nf3 a6 6. Ne5 Bb4+ 7. Nc3 Nd5 8. O-O
O-O 9. Ne4 b5 10. b3 cxb3 11. axb3 Bb7 12. Nd3 Bc3 13. Bg5 Qe8 14. Rc1 Bxd4 15.
Ndc5 Bxc5 16. Nxc5 Bc6 17. e4 Nb6 18. Qc2 h6 19. Be3 a5 20. Nd3 N6d7 21. Qb2 b4
22. Rfd1 e5 23. Nc5 Nf6 24. f3 Bb5 25. Nb7 Nbd7 26. Ra1 Qe6 27. Nxa5 Rfb8 28.
Qf2 Ne8 29. Rdc1 Ra6 30. Bf1 Nd6 31. Bxb5 Rxb5 32. Nc6 Rxa1 33. Rxa1 Qxb3 34.
Qe2 Qc4 35. Ne7+ Kf8 0-1

[Event "2nd Prague Challengers"]
[Site "Prague CZE"]
[Date "2020.02.18"]
[Round "6.1"]
[White "Bartel, Mateusz"]
[Black "Stefansson, Hannes"]
[Result "1/2-1/2"]
[WhiteTitle "GM"]
[BlackTitle "GM"]
[WhiteElo "2639"]
[BlackElo "2529"]
[WhiteFideId "1112635"]
[BlackFideId "2300087"]
[EventDate "2020.02.12"]

1. c4 e6 2. g3 Nf6 3. Bg2 d5 4. d4 Be7 5. Nc3 O-O 6. Nf3 dxc4 7. Ne5 c5 8. dxc5
Qxd1+ 9. Nxd1 Bxc5 10. Nc3 Nc6 11. Nxc4 Nd5 12. Bd2 Rd8 13. Ne4 Be7 14. Rc1 b6
15. Nc3 Bc5 16. Ne3 Nde7 17. Na4 Bxe3 18. Bxe3 Ba6 19. f4 Rac8 20. Kf2 Nb4 21.
a3 Nc2 22. Be4 Nxe3 23. Kxe3 Bc4 24. Rhd1 Rxd1 25. Rxd1 Nd5+ 26. Bxd5 Bxd5 27.
Nc3 Bc6 28. Rd4 b5 29. Kd2 Kf8 30. e4 Ke7 31. e5 a5 32. Rd6 f6 33. Ne2 Bd7 34.
Ra6 1/2-1/2

[Event "2nd Prague Challengers"]
[Site "Prague CZE"]
[Date "2020.02.18"]
[Round "6.2"]
[White "Nguyen, Thai Dai Van"]
[Black "Van Foreest, Jorden"]
[Result "0-1"]
[WhiteTitle "GM"]
[BlackTitle "GM"]
[WhiteElo "2560"]
[BlackElo "2667"]
[WhiteFideId "358878"]
[BlackFideId "1039784"]
[EventDate "2020.02.12"]

1. c4 e5 2. g3 Nc6 3. Bg2 g6 4. Nc3 Bg7 5. d3 d6 6. e4 f5 7. Nge2 Nf6 8. Nd5 f4
9. gxf4 O-O 10. O-O Nh5 11. fxe5 dxe5 12. b4 Nd4 13. Nxd4 exd4 14. b5 c6 15.
bxc6 bxc6 16. Nb4 Qh4 17. f4 Bd7 18. e5 Nxf4 19. Bxf4 Rxf4 20. Rxf4 Qxf4 21. Qf3
Qxe5 22. Nxc6 Qe3+ 23. Qxe3 dxe3 24. Ne7+ Kh8 25. Bxa8 Bxa1 26. Bf3 Kg7 27. Nd5
Bf5 28. Be2 g5 29. Kg2 Bd4 30. Kf3 h5 31. Nxe3 Bg6 32. h3 Kf6 33. Nd5+ Ke5 34.
Ne7 Be8 35. Nd5 a5 36. Bd1 Bc5 37. Kg2 Bg6 38. Be2 Kd4 39. Nc7 Ke3 40. Ne6 Be7
41. Bf3 Bxd3 42. Bd5 Be4+ 43. Bxe4 Kxe4 44. Kg3 a4 45. Ng7 Kd3 46. Nxh5 Kc3 47.
Ng7 Kb2 48. Ne6 Kxa2 49. c5 a3 50. c6 Bd6+ 51. Kf3 Kb2 52. Nc5 a2 53. Na4+ Kc2 0-1

[Event "2nd Prague Challengers"]
[Site "Prague CZE"]
[Date "2020.02.18"]
[Round "6.4"]
[White "Krejci, Jan2"]
[Black "Piorun, Kacper"]
[Result "1/2-1/2"]
[WhiteTitle "GM"]
[BlackTitle "GM"]
[WhiteElo "2559"]
[BlackElo "2611"]
[WhiteFideId "322156"]
[BlackFideId "1130420"]
[EventDate "2020.02.12"]

1. d4 Nf6 2. c4 g6 3. g3 Bg7 4. Bg2 c5 5. Nf3 O-O 6. Nc3 cxd4 7. Nxd4 Qc7 8. Nd5
Nxd5 9. cxd5 Qb6 10. Nb3 d6 11. O-O Qa6 12. Nd4 Qb6 13. Nb3 Qa6 14. Nd4 Qb6 15.
Nc2 Na6 16. a4 Bd7 17. a5 Qb5 18. Nd4 Qc4 19. Be3 Rfc8 20. Ra3 Nb4 21. Rc3 Qa2
22. Ra3 Qc4 23. Rc3 Qa2 24. Ra3 Qc4 25. Rc3 1/2-1/2

[Event "2nd Prague Challengers"]
[Site "Prague CZE"]
[Date "2020.02.18"]
[Round "6.5"]
[White "Cernousek, Lukas"]
[Black "Kriebel, Tadeas"]
[Result "1-0"]
[WhiteTitle "IM"]
[BlackTitle "IM"]
[WhiteElo "2442"]
[BlackElo "2524"]
[WhiteFideId "311707"]
[BlackFideId "330027"]
[EventDate "2020.02.12"]

1. e4 e5 2. Nf3 Nc6 3. Nc3 Nf6 4. d4 exd4 5. Nxd4 Nxe4 6. Nxe4 Qe7 7. f3 d5 8.
Bb5 Bd7 9. O-O dxe4 10. Bxc6 bxc6 11. Re1 O-O-O 12. Rxe4 Qb4 13. Nb3 Qb7 14. Qe2
f5 15. Ra4 c5 16. Ra5 Re8 17. Qf2 c4 18. Rxa7 Re1+ 19. Qxe1 Qxa7+ 20. Be3 Qa4
21. Nd4 Bd6 22. Qd2 Re8 23. a3 Be5 24. Bf4 Bf6 25. c3 h6 26. Re1 Rxe1+ 27. Qxe1
Bxd4+ 28. cxd4 g5 29. Be5 Qc2 30. Qc3 Qd1+ 31. Kf2 Be6 32. h3 Qb1 33. d5 Bxd5
34. Qa5 Qc2+ 35. Kg1 Qd1+ 36. Kh2 Kb7 37. Qb5+ Kc8 38. Qa5 Kb7 39. Qxc7+ Ka6 40.
Qd6+ Kb5 41. Qd7+ Kb6 42. Bc7+ Ka6 43. a4 Qd4 44. Qb5+ Ka7 45. Bd6 Qd2 46. Bc5+
Ka8 47. Qa6+ 1-0

[Event "2nd Prague Challengers"]
[Site "Prague CZE"]
[Date "2020.02.19"]
[Round "7.1"]
[White "Stefansson, Hannes"]
[Black "Abasov, Nijat"]
[Result "1/2-1/2"]
[WhiteTitle "GM"]
[BlackTitle "GM"]
[WhiteElo "2529"]
[BlackElo "2670"]
[WhiteFideId "2300087"]
[BlackFideId "13402960"]
[EventDate "2020.02.12"]

1. d4 Nf6 2. c4 e6 3. Nf3 b6 4. g3 Bb7 5. Bg2 Bb4+ 6. Bd2 Bxd2+ 7. Qxd2 O-O 8.
O-O d6 9. Nc3 Ne4 10. Nxe4 Bxe4 11. Qe3 Bb7 12. Qd3 f5 13. Ne1 Bxg2 14. Nxg2 e5
15. dxe5 dxe5 16. Qf3 e4 17. Qc3 Nc6 18. Rfd1 Qf6 19. Qxf6 Rxf6 20. Rd7 Rf7 21.
Rad1 Ne5 22. Rxf7 Kxf7 23. Ne3 g6 24. Kg2 Re8 25. f4 exf3+ 26. exf3 Re7 27. Kf2
Rd7 28. Rxd7+ Nxd7 29. Ke2 Ke6 30. f4 Kd6 31. b4 a6 1/2-1/2

[Event "2nd Prague Challengers"]
[Site "Prague CZE"]
[Date "2020.02.19"]
[Round "7.2"]
[White "Piorun, Kacper"]
[Black "Bartel, Mateusz"]
[Result "1-0"]
[WhiteTitle "GM"]
[BlackTitle "GM"]
[WhiteElo "2611"]
[BlackElo "2639"]
[WhiteFideId "1130420"]
[BlackFideId "1112635"]
[EventDate "2020.02.12"]

1. e4 e6 2. d4 d5 3. Nc3 Bb4 4. exd5 exd5 5. Bd3 Nc6 6. a3 Bxc3+ 7. bxc3 Be6 8.
Qf3 Qd7 9. Ne2 O-O-O 10. h3 Nge7 11. Ng3 g6 12. O-O h5 13. Re1 h4 14. Nf1 Rh5
15. Nh2 Bf5 16. Ng4 Ng8 17. Bf4 Bxd3 18. cxd3 f6 19. Re2 Rh7 20. Rae1 Qf5 21.
Ne3 Qh5 22. Ng4 Qf5 23. Re8 Re7 24. Rxd8+ Nxd8 25. Ne3 Qd7 26. Rb1 c6 27. Bh2
Ne6 28. Qg4 Qe8 29. Qxh4 b6 30. c4 Rd7 31. Re1 Kb7 32. Nc2 Qf7 33. Qg4 Nc7 34.
c5 Nh6 35. Qf4 g5 36. Qd2 Nf5 37. Rb1 Ne7 38. a4 Na6 39. Qc3 Nc8 40. Na1 Re7 41.
Nb3 Re6 42. cxb6 axb6 43. Na5+ Ka8 44. Nxc6 Qe8 45. Rc1 Kb7 46. Nb4 Nxb4 47.
Qxb4 Rc6 48. Re1 Re6 49. Rxe6 Qxe6 50. Bg3 Ne7 51. a5 Nf5 52. Kh2 Qc6 53. axb6
Qxb6 54. Qa4 Qc6 55. Qb3+ Kc8 56. Qb8+ Kd7 57. Qg8 Qe6 58. Qh7+ Ke8 59. h4 gxh4
60. Bxh4 Kf8 61. Qg6 Ke7 62. g4 Qd6+ 63. Kh3 Nxh4 64. Qh7+ Kf8 65. Qxh4 Qf4 66.
Qg3 Qxd4 67. Kh4 Kf7 68. Kh5 Qc3 69. Qe3 Qa1 70. Kh4 Qg1 71. Kh3 Kg7 72. Qf3 d4
73. Qf5 Qh1+ 74. Kg3 Qg1+ 75. Kf3 Qh1+ 76. Ke2 Qa1 77. Qe4 Qa7 78. Kf3 Qc5 79.
Kg3 Qb4 80. Kh4 Qc5 81. f4 Qa7 82. Qe6 Qc7 83. Qe4 Qa7 84. g5 Qc5 85. Kh5 fxg5
86. Qe5+ 1-0

[Event "2nd Prague Challengers"]
[Site "Prague CZE"]
[Date "2020.02.19"]
[Round "7.3"]
[White "Van Foreest, Jorden"]
[Black "Krejci, Jan2"]
[Result "1-0"]
[WhiteTitle "GM"]
[BlackTitle "GM"]
[WhiteElo "2667"]
[BlackElo "2559"]
[WhiteFideId "1039784"]
[BlackFideId "322156"]
[EventDate "2020.02.12"]

1. e4 e5 2. Nf3 Nc6 3. Bb5 a6 4. Ba4 Nf6 5. O-O Be7 6. Re1 b5 7. Bb3 d6 8. c3
O-O 9. h3 Re8 10. d4 h6 11. Nbd2 Bf8 12. Nf1 Bd7 13. Ng3 Na5 14. Bc2 c5 15. d5
Nc4 16. Nh2 a5 17. a4 b4 18. b3 Nb6 19. c4 Nc8 20. f4 Nh7 21. Rf1 Be7 22. fxe5
dxe5 23. Be3 Ra6 24. Qh5 Rg6 25. Nf5 Qb6 26. Nf3 Bd8 27. N3h4 Rf6 28. Qg4 Bxf5
29. Nxf5 Rg6 30. Nxh6+ gxh6 31. Qxc8 1-0

[Event "2nd Prague Challengers"]
[Site "Prague CZE"]
[Date "2020.02.19"]
[Round "7.4"]
[White "Esipenko, Andrey"]
[Black "Cernousek, Lukas"]
[Result "1-0"]
[WhiteTitle "GM"]
[BlackTitle "IM"]
[WhiteElo "2654"]
[BlackElo "2442"]
[WhiteFideId "24175439"]
[BlackFideId "311707"]
[EventDate "2020.02.12"]

1. c4 e6 2. Nc3 d5 3. d4 Nf6 4. cxd5 Nxd5 5. e4 Nxc3 6. bxc3 c5 7. Nf3 cxd4 8.
cxd4 Bb4+ 9. Bd2 Bxd2+ 10. Qxd2 O-O 11. Bc4 Nd7 12. O-O b6 13. Rad1 Bb7 14. Rfe1
Rc8 15. Bb3 Re8 16. h3 h6 17. Re3 Qf6 18. Qe2 Qf4 19. e5 Nf8 20. Bc2 Rc7 21. g3
Bxf3 22. Rxf3 Qg5 23. Be4 Ng6 24. Re3 Rec8 25. h4 Qe7 26. d5 exd5 27. Bxd5 Nf8
28. Bb3 Rc1 29. Rd3 Rxd1+ 30. Rxd1 Rc5 31. f4 Rc3 32. Kh2 Qc5 33. Rd8 Rc1 34. e6
Qg1+ 35. Kh3 Qh1+ 36. Qh2 Qe4 37. exf7+ Kh7 38. Bd1 Qf5+ 39. Bg4 Qxf7 40. Qd2
Rh1+ 41. Kg2 Ra1 42. Rd5 Rc1 43. h5 Rc5 44. Rd8 Rc7 45. Bf3 Re7 46. Qc2+ g6 47.
hxg6+ 1-0

[Event "2nd Prague Challengers"]
[Site "Prague CZE"]
[Date "2020.02.19"]
[Round "7.5"]
[White "Kriebel, Tadeas"]
[Black "Nguyen, Thai Dai Van"]
[Result "1/2-1/2"]
[WhiteTitle "IM"]
[BlackTitle "GM"]
[WhiteElo "2524"]
[BlackElo "2560"]
[WhiteFideId "330027"]
[BlackFideId "358878"]
[EventDate "2020.02.12"]

1. d4 d5 2. c4 e6 3. Nf3 Nf6 4. Nc3 c6 5. cxd5 exd5 6. Bf4 Bd6 7. Bxd6 Qxd6 8.
e3 Bf5 9. Bd3 Bxd3 10. Qxd3 O-O 11. O-O Nbd7 12. h3 Rfe8 13. Nd2 Re6 14. b4 Rae8
15. b5 c5 16. dxc5 Nxc5 17. Qd4 Rc8 18. Rac1 Ree8 19. Rfd1 Red8 20. Nde4 Nfxe4
21. Nxe4 Nxe4 22. Rxc8 Rxc8 23. Qxe4 dxe4 24. Rxd6 g6 25. Rd7 Rc2 26. a3 Ra2 27.
Rxb7 Rxa3 28. Kh2 Kg7 29. Kg3 g5 30. h4 h6 31. Kg4 Kg6 32. h5+ Kf6 33. b6 axb6
34. Rxb6+ Kg7 35. Rb4 Ra5 36. Kg3 Re5 1/2-1/2

[Event "2nd Prague Challengers"]
[Site "Prague CZE"]
[Date "2020.02.20"]
[Round "8.1"]
[White "Stefansson, Hannes"]
[Black "Piorun, Kacper"]
[Result "0-1"]
[WhiteTitle "GM"]
[BlackTitle "GM"]
[WhiteElo "2529"]
[BlackElo "2611"]
[WhiteFideId "2300087"]
[BlackFideId "1130420"]
[EventDate "2020.02.12"]

1. e4 c5 2. Nf3 d6 3. d4 Nf6 4. Nc3 cxd4 5. Nxd4 a6 6. g3 e5 7. Nde2 Be7 8. Bg2
O-O 9. O-O Nbd7 10. a4 b6 11. Nd5 Nxd5 12. Qxd5 Rb8 13. Nc3 Nf6 14. Qd3 h6 15.
b3 Qc7 16. Ba3 Bd7 17. Bb4 b5 18. axb5 axb5 19. Rfd1 Rfc8 20. Qe3 Ra8 21. Rxa8
Rxa8 22. Qd3 Bf8 23. Bf3 Rc8 24. Kg2 Qb6 25. Rd2 Bc6 26. Qe2 Qb8 27. h4 Qa8 28.
Bxd6 b4 29. Na4 Nxe4 30. Bxe4 Bxe4+ 31. f3 Bxd6 32. Qxe4 Qxe4 33. fxe4 Bc5 34.
Nxc5 Rxc5 35. Rd8+ Kh7 36. Rb8 Rxc2+ 37. Kh3 h5 38. Rxb4 f6 39. Rc4 Re2 40. Ra4
Kh6 41. Rc4 Kg6 42. Rb4 Rb2 43. Rb7 Re2 44. Rb4 Kh6 45. Rc4 g5 46. hxg5+ Kxg5
47. b4 Rb2 48. Rc3 Rxb4 49. Re3 Rb2 50. Re1 Rb3 0-1

[Event "2nd Prague Challengers"]
[Site "Prague CZE"]
[Date "2020.02.20"]
[Round "8.2"]
[White "Bartel, Mateusz"]
[Black "Van Foreest, Jorden"]
[Result "1/2-1/2"]
[WhiteTitle "GM"]
[BlackTitle "GM"]
[WhiteElo "2639"]
[BlackElo "2667"]
[WhiteFideId "1112635"]
[BlackFideId "1039784"]
[EventDate "2020.02.12"]

1. c4 c6 2. d4 Nf6 3. Nf3 d5 4. e3 Bf5 5. Nc3 e6 6. Nh4 Bg6 7. Be2 Nbd7 8. O-O
Bd6 9. g3 O-O 10. Nxg6 hxg6 11. Rb1 a5 12. b3 Qe7 13. Bb2 Rfd8 14. Bf3 Rab8 15.
Qe2 Ba3 16. Ba1 e5 17. cxd5 exd4 18. dxc6 d3 19. Qd1 bxc6 20. Na4 Ne5 21. Bg2 g5
22. Bc3 Rb5 23. Nb2 Bxb2 24. Rxb2 Nd5 25. Bd4 Rb4 26. Rd2 Rxd4 27. exd4 Nc3 28.
Qe1 Rxd4 29. Qe3 Ne2+ 30. Rxe2 dxe2 31. Qxe2 Qd6 32. Qa6 Qd8 33. Re1 f6 34. Bxc6
Kh7 35. Qe2 Kh6 36. Be4 Rd2 37. Qf1 g4 38. h3 Qd4 39. hxg4 Kg5 40. Kg2 Nxg4 41.
Re2 Rd1 42. f4+ Kh6 43. Qf3 Rd2 44. Qxg4 Qxe4+ 45. Kf2 Qd4+ 46. Kg2 Qe4+ 47. Kf2
Qd4+ 48. Kg2 Qe4+ 1/2-1/2

[Event "2nd Prague Challengers"]
[Site "Prague CZE"]
[Date "2020.02.20"]
[Round "8.3"]
[White "Nguyen, Thai Dai Van"]
[Black "Esipenko, Andrey"]
[Result "1/2-1/2"]
[WhiteTitle "GM"]
[BlackTitle "GM"]
[WhiteElo "2560"]
[BlackElo "2654"]
[WhiteFideId "358878"]
[BlackFideId "24175439"]
[EventDate "2020.02.12"]

1. d4 Nf6 2. c4 e6 3. Nc3 Bb4 4. e3 O-O 5. Bd2 d5 6. Nf3 b6 7. cxd5 exd5 8. Rc1
Be7 9. Bd3 Bb7 10. O-O c5 11. dxc5 bxc5 12. Re1 Nc6 13. Bb1 Rc8 14. e4 dxe4 15.
Nxe4 Nd4 16. Nxd4 cxd4 17. Rxc8 Bxc8 18. Qe2 Qb6 19. b3 Bb7 20. Nxf6+ Bxf6 21.
Bd3 Qc5 22. Rc1 Qd5 23. f3 Qd8 24. Bf4 Re8 25. Qd2 h6 26. Re1 Rxe1+ 27. Qxe1 Bd5
28. Qb4 Be7 29. Qxd4 Bf6 30. Be5 Bxe5 31. Qxe5 Bxb3 32. axb3 Qxd3 33. Qe8+ Kh7
34. Qxf7 a5 35. Qe6 Qd2 36. Qe4+ Kh8 37. Qe8+ Kh7 38. Qe4+ Kh8 39. Qe8+ Kh7 40.
Qe6 Kh8 41. h3 Qd8 42. Qe3 a4 43. bxa4 Qd1+ 44. Kh2 Qxa4 45. f4 Qc2 46. Qe5 Kh7
47. h4 Qd3 48. h5 Qc2 49. Qe3 Qd1 50. Qe4+ Kg8 51. Qe6+ Kh8 52. g4 Qf3 53. Qe8+
Kh7 54. Qg6+ Kh8 55. Qe8+ Kh7 1/2-1/2

[Event "2nd Prague Challengers"]
[Site "Prague CZE"]
[Date "2020.02.20"]
[Round "8.4"]
[White "Abasov, Nijat"]
[Black "Cernousek, Lukas"]
[Result "1/2-1/2"]
[WhiteTitle "GM"]
[BlackTitle "IM"]
[WhiteElo "2670"]
[BlackElo "2442"]
[WhiteFideId "13402960"]
[BlackFideId "311707"]
[EventDate "2020.02.12"]

1. e4 e6 2. d4 d5 3. Nc3 Nf6 4. Bg5 dxe4 5. Nxe4 Nbd7 6. Nxf6+ Nxf6 7. Nf3 c5 8.
c3 cxd4 9. Nxd4 Be7 10. Bd3 Qd5 11. Nf3 Bd7 12. Qe2 Bc6 13. O-O h6 14. Bf4 O-O
15. Be5 Nd7 16. Bg3 Nc5 17. Bc2 Ne4 18. Rfd1 Nxg3 19. hxg3 Qb5 20. Bd3 Bxf3 21.
gxf3 Qc6 22. Be4 Qc7 23. Qb5 Bc5 24. Kg2 Rfd8 25. a4 Rab8 26. a5 b6 27. a6 Be7
28. f4 Qc5 29. Qe2 Rxd1 30. Rxd1 Rd8 31. Rxd8+ Bxd8 32. Qd3 Qe7 33. Qb5 g6 34.
Qc6 Kg7 35. Qa8 b5 36. Qb8 b4 37. Qe5+ Kg8 38. Qb8 Kg7 39. cxb4 Bb6 40. Qe5+ Qf6
41. Qd6 Qd4 42. Qxd4+ Bxd4 43. b5 h5 44. Bc6 Kf6 45. f3 Bb6 46. b3 Ke7 47. Kf1
Kf6 1/2-1/2

[Event "2nd Prague Challengers"]
[Site "Prague CZE"]
[Date "2020.02.20"]
[Round "8.5"]
[White "Krejci, Jan2"]
[Black "Kriebel, Tadeas"]
[Result "0-1"]
[WhiteTitle "GM"]
[BlackTitle "IM"]
[WhiteElo "2559"]
[BlackElo "2524"]
[WhiteFideId "322156"]
[BlackFideId "330027"]
[EventDate "2020.02.12"]

1. Nf3 d5 2. d4 Nf6 3. c4 e6 4. Bg5 Be7 5. e3 h6 6. Bh4 O-O 7. Nc3 Ne4 8. Bxe7
Qxe7 9. Rc1 c6 10. Bd3 Nxc3 11. Rxc3 dxc4 12. Bxc4 Nd7 13. Qc2 b6 14. Bd3 c5 15.
Bh7+ Kh8 16. Be4 Rb8 17. O-O Nf6 18. dxc5 Nxe4 19. Qxe4 bxc5 20. b3 Bb7 21. Qf4
Bxf3 22. Qxf3 Rbd8 23. Rc2 Rd5 24. Rfc1 Rfd8 25. h3 Qd6 26. Qe2 f5 27. g3 a5 28.
e4 Re5 29. Rc4 Qd2 30. Qxd2 Rxd2 31. a4 fxe4 32. Rxc5 Red5 33. Rc8+ Kh7 34. Re1
Rf5 35. Rxe4 Rfxf2 36. Rc3 Rg2+ 37. Kh1 Rh2+ 38. Kg1 Rdg2+ 39. Kf1 Ra2 40. Kg1
Rag2+ 41. Kf1 Ra2 42. Kg1 Rhb2 43. Kf1 Rf2+ 44. Kg1 Rg2+ 45. Kh1 Rgb2 46. Re1
Rh2+ 47. Kg1 Rxh3 48. Rxe6 Rhh2 49. Rf3 Rhb2 50. Ree3 Kg6 51. Rf4 Kh5 52. Rh4+
Kg5 53. Rf4 Ra1+ 54. Rf1 Rxf1+ 55. Kxf1 Kg4 56. Rd3 g5 57. Rc3 Kh3 58. Rd3 g4
59. Re3 h5 60. Re5 h4 61. Rxa5 Kxg3 62. Rc5 h3 0-1

[Event "2nd Prague Challengers"]
[Site "Prague CZE"]
[Date "2020.02.21"]
[Round "9.1"]
[White "Esipenko, Andrey"]
[Black "Krejci, Jan2"]
[Result "1/2-1/2"]
[WhiteTitle "GM"]
[BlackTitle "GM"]
[WhiteElo "2654"]
[BlackElo "2559"]
[WhiteFideId "24175439"]
[BlackFideId "322156"]
[EventDate "2020.02.12"]

1. c4 Nf6 2. Nc3 e6 3. e4 c5 4. e5 Ng8 5. d4 cxd4 6. Qxd4 Nc6 7. Qf4 d6 8. Nf3
dxe5 9. Nxe5 Nf6 10. Nxc6 bxc6 11. Qf3 Bb7 12. Bf4 Bb4 13. Bd3 Qe7 14. Be5 Nd7
15. Bxg7 Rg8 16. Bd4 Qd6 17. O-O-O Qxd4 18. Bxh7 Ne5 19. Rxd4 Nxf3 20. gxf3 Rg7
21. Be4 f5 22. Bc2 Bxc3 23. bxc3 c5 24. Rd3 Ke7 25. Re1 Kf6 26. f4 Rh8 27. Rd6
Re7 28. Re5 Kf7 29. Rxc5 Rxh2 30. Rd2 Rh4 31. Rd4 Rh2 32. Ra5 Rxf2 33. Rxa7 Kf6
34. Ra4 Rg7 35. c5 Rgg2 36. Bb3 Bf3 37. Bd1 Bxd1 38. Rxd1 Rxa2 39. Rxa2 Rxa2 40.
Rd4 Ra5 41. Rc4 Ke7 42. Kd2 Kd7 43. Rd4+ Kc7 44. Kd3 Rxc5 45. Rc4 Rxc4 46. Kxc4
Kd6 47. Kd4 e5+ 48. fxe5+ Ke6 49. c4 f4 50. c5 f3 51. Ke3 Kxe5 52. Kxf3 Kd5 53.
c6 Kxc6 1/2-1/2

[Event "2nd Prague Challengers"]
[Site "Prague CZE"]
[Date "2020.02.21"]
[Round "9.2"]
[White "Piorun, Kacper"]
[Black "Abasov, Nijat"]
[Result "0-1"]
[WhiteTitle "GM"]
[BlackTitle "GM"]
[WhiteElo "2611"]
[BlackElo "2670"]
[WhiteFideId "1130420"]
[BlackFideId "13402960"]
[EventDate "2020.02.12"]

1. e4 c5 2. Nf3 e6 3. d4 cxd4 4. Nxd4 Nc6 5. Nc3 Nf6 6. Ndb5 Bc5 7. Nd6+ Ke7 8.
Bf4 e5 9. Nf5+ Kf8 10. Bg5 d6 11. Bd3 h6 12. Bxf6 Qxf6 13. Nd5 Qd8 14. c3 g6 15.
Nfe3 a6 16. h4 h5 17. Qe2 Be6 18. g3 Kg7 19. O-O-O b5 20. a3 Ne7 21. Bc2 a5 22.
b4 axb4 23. axb4 Bxe3+ 24. Qxe3 Bxd5 25. exd5 Ra2 26. Bb3 Nf5 27. Qe1 Ra7 28.
Kb2 Qb6 29. Qd2 e4 30. Ra1 Re7 31. Rhe1 Rhe8 32. Bc2 e3 33. fxe3 Nxe3 34. Bd3
Re5 35. Re2 Rxd5 36. Kb3 Nc4 37. Qc2 Rxe2 38. Qxe2 Re5 39. Qg2 d5 40. Rd1 Qe6 0-1

[Event "2nd Prague Challengers"]
[Site "Prague CZE"]
[Date "2020.02.21"]
[Round "9.3"]
[White "Van Foreest, Jorden"]
[Black "Stefansson, Hannes"]
[Result "1-0"]
[WhiteTitle "GM"]
[BlackTitle "GM"]
[WhiteElo "2667"]
[BlackElo "2529"]
[WhiteFideId "1039784"]
[BlackFideId "2300087"]
[EventDate "2020.02.12"]

1. e4 e5 2. Nf3 Nc6 3. Bc4 Bc5 4. d3 Nf6 5. a4 O-O 6. a5 a6 7. O-O h6 8. c3 d6
9. h3 Ba7 10. Be3 Ne7 11. Bxa7 Rxa7 12. Re1 Ng6 13. Nbd2 Re8 14. d4 Be6 15. Bf1
Qc8 16. b4 exd4 17. cxd4 d5 18. e5 Nd7 19. Qc2 Ra8 20. Rac1 c6 21. Nb3 Re7 22.
g3 Qe8 23. Nfd2 f5 24. Bd3 Qf7 25. Nf1 Ree8 26. Ne3 Ne7 27. f4 g6 28. Re2 Kh8
29. Rf1 Rg8 30. Rg2 Rg7 31. Kh2 Rf8 32. Qb1 Qg8 33. Qe1 Rgf7 34. Nc1 Qh7 35. Ne2
Qg8 36. g4 Qh7 37. Qh4 Rg8 38. Rfg1 Nf8 39. Bb1 Bc8 40. gxf5 Nxf5 41. Nxf5 Bxf5
42. Bxf5 Rxf5 43. Ng3 1-0

[Event "2nd Prague Challengers"]
[Site "Prague CZE"]
[Date "2020.02.21"]
[Round "9.4"]
[White "Cernousek, Lukas"]
[Black "Nguyen, Thai Dai Van"]
[Result "0-1"]
[WhiteTitle "IM"]
[BlackTitle "GM"]
[WhiteElo "2442"]
[BlackElo "2560"]
[WhiteFideId "311707"]
[BlackFideId "358878"]
[EventDate "2020.02.12"]

1. e4 c5 2. Nf3 Nc6 3. d4 cxd4 4. Nxd4 Nf6 5. Nc3 d6 6. f3 e5 7. Nb3 Be6 8. Be3
Be7 9. Qd2 O-O 10. O-O-O a5 11. Bb5 Qb8 12. Kb1 Na7 13. Be2 Nc6 14. Bb5 Rc8 15.
Nd5 Bxd5 16. exd5 a4 17. Na1 a3 18. b3 Nd4 19. Bxd4 exd4 20. Qxd4 Rc5 21. c4
Nxd5 22. cxd5 Rxb5 23. Rc1 Bf6 24. Qd3 Rc5 25. b4 Rxc1+ 26. Rxc1 Qe8 27. f4 Bb2
28. Rd1 Rc8 29. Nc2 g6 30. Nxa3 Bxa3 31. Qxa3 Qe4+ 32. Ka1 Qxg2 33. Rc1 Re8 34.
Qb2 Qxd5 35. Qf6 Qd2 0-1

[Event "2nd Prague Challengers"]
[Site "Prague CZE"]
[Date "2020.02.21"]
[Round "9.5"]
[White "Kriebel, Tadeas"]
[Black "Bartel, Mateusz"]
[Result "1/2-1/2"]
[WhiteTitle "IM"]
[BlackTitle "GM"]
[WhiteElo "2524"]
[BlackElo "2639"]
[WhiteFideId "330027"]
[BlackFideId "1112635"]
[EventDate "2020.02.12"]

1. d4 e6 2. c4 b6 3. Nc3 Bb4 4. e3 Bb7 5. Ne2 f5 6. a3 Be7 7. Ng3 Nf6 8. d5 O-O
9. Be2 a5 10. Bf3 Qc8 11. O-O Na6 12. dxe6 dxe6 13. e4 fxe4 14. Ngxe4 Nc5 15.
Nxc5 Bxc5 16. Bxb7 Qxb7 17. Qe2 e5 18. Bg5 Bd4 19. Bxf6 Rxf6 20. Kh1 Raf8 21.
Ne4 Rf4 22. Rae1 a4 23. f3 Qc6 24. g3 R4f7 25. h4 h6 26. Kg2 Rb8 27. Rb1 b5 28.
b4 Qxc4 29. Qxc4 bxc4 30. Rbc1 Bb2 31. Rxc4 Bxa3 32. Rb1 Rd7 33. b5 Rd4 34. Rxc7
Rb4 35. Rxb4 Bxb4 36. Nc3 Ba5 37. Rc4 a3 38. Na2 Bd8 39. Ra4 Be7 40. Nc3 Kf7 41.
Kh3 Rc8 42. Nd5 Bc5 43. b6 Rb8 44. Ra5 Bf8 45. Ra6 Bc5 46. Ra5 Bd6 47. Ne3 Rc8
48. b7 Rc3 49. Ra6 Bb8 50. Ra8 Rxe3 1/2-1/2